Derecho de los empleadores: estudio de países
Saved in:
| Corporate Authors: | , |
|---|---|
| Format: | Bog |
| Sprog: | spansk |
| Udgivet: |
Santiago
Organización Internacional del Trabajo
2002
|
| Fag: | |
| Tags: |
Tilføj Tag
Ingen Tags, Vær først til at tagge denne postø!
|
MARC
| LEADER | 00000nam a2200000 a 4500 | ||
|---|---|---|---|
| 001 | UCI7129 | ||
| 003 | CL-VaPUC | ||
| 008 | 080613e20020000CL |||||||||||||||||spa|d | ||
| 020 | |a 922312946X | ||
| 082 | 0 | 4 | |a 344.01 |b OIT |2 21 |
| 110 | 2 | |a OIT |e author |9 530274 | |
| 710 | 2 | |a Organización Internacional del Trabajo |e author |9 530275 | |
| 245 | 1 | 0 | |a Derecho de los empleadores: estudio de países |
| 300 | |a 123 p | ||
| 942 | |c BK | ||
| 945 | |d 20080613 00:00:00 |a rbrito | ||
| 260 | |a Santiago |b Organización Internacional del Trabajo |c 2002 | ||
| 650 | 7 | |a EMPLEADORES |2 CL-VaPUC |9 530276 | |
| 650 | 7 | |a DERECHO LABORAL |2 CL-VaPUC |9 15 | |
| 651 | 0 | |a Argentina |9 254888 | |
| 651 | 0 | |a Brasil |9 267393 | |
| 651 | 0 | |a Paraguay |9 255336 | |
| 651 | 0 | |a Uruguay |9 255194 | |
| 583 | |a last modification |c 20170801 04:59:13 |k Rodrigo Vera | ||
| 999 | |c 330512 |d 330510 | ||
| 952 | |0 0 |1 0 |4 0 |6 344_010000000000000_OIT_2002 |7 0 |8 A |9 416083 |a BIBDER |b BIBDER |d 2019-11-22 |i 4448405 |o 344.01 OIT 2002 |p 4448405 |r 2023-01-25 |w 2019-11-22 |y BK |k DER | ||